Building dilapidation and rejuvenation in Hong Kong (Record no. 108947)

MARC details
000 -LEADER
fixed length control field 02223cam a22002415a 4500
001 - CONTROL NUMBER
control field L145857
008 - FIXED-LENGTH DATA ELEMENTS--GENERAL INFORMATION
fixed length control field 081114s2004 cc abdof s 001 0 eng d
020 ## - INTERNATIONAL STANDARD BOOK NUMBER
International Standard Book Number 9629370905
035 ## - SYSTEM CONTROL NUMBER
System control number (Sirsi) u145857
041 0# - LANGUAGE CODE
Language code of text/sound track or separate title eng
050 04 - LIBRARY OF CONGRESS CALL NUMBER
Classification number 346.410434 $2 18
245 00 - TITLE STATEMENT
Title Building dilapidation and rejuvenation in Hong Kong
260 ## - PUBLICATION, DISTRIBUTION, ETC.
Place of publication, distribution, etc. Hong Kong
Name of publisher, distributor, etc. Hong Kong Institute of Surveyors
-- City University of Hong Kong Press
Date of publication, distribution, etc. 2004
300 ## - PHYSICAL DESCRIPTION
Extent xviii, 151 p.
Other physical details ill. $2 4 cm.
505 2# - FORMATTED CONTENTS NOTE
Formatted contents note Introduction -- Maintenance of old buildings -- A review of building conditions in Hong Kong -- Urban renewal in Hong Kong: historical development and current issues -- The economic and social impact of redevelopment: a Hong Kong case study -- The cost and benefit of refurbishment with special reference to multi-ownership apartment buildings -- The quality of life of residents in five urban renewal districts -- Criteria and weighting of value age index for residential use -- A systematic framework of fire risk ranking of existing buildings -- Comparing the deterministic fire engineering approach and the fire safety ranking approach
520 ## - SUMMARY, ETC.
Summary, etc. Examines the problems linked to building dilapidations and rejuvenation in Hong Kong and suggests new approaches. Analyses urban renewal from studies on specific buildings to critical reviews on urban renewal policy. Centres on the latest developments to the Buildings (Amendment) Bill 2003 and their impact on urban renewal in Hong Kong. Reviews the history of building control in Hong Kong. Presents the conditions of current buildings and the government's policy on building maintenance. Develops the history of urban renewal and the mission of the Urban Renewal Authority. Reports on the effects of zoning on house prices and the increased value added to a refurbished building. Explore the quality of life of residents of old buildings and its impact on urban renewal strategy. Develops a tool to assess building performance and a framework for grading fire risk of buildings.
521 ## - TARGET AUDIENCE NOTE
Target audience note Advanced
651 #4 - SUBJECT ADDED ENTRY--GEOGRAPHIC NAME
Geographic name Hong Kong
690 ## - LOCAL SUBJECT ADDED ENTRY--TOPICAL TERM (OCLC, RLIN)
Topical term or geographic name as entry element BUILT ENVIRONMENT-BUILDING SURVEYING-DILAPIDATIONS SURVEYING
700 1# - ADDED ENTRY--PERSONAL NAME
Personal name Leung, Andrew Y. T.
700 1# - ADDED ENTRY--PERSONAL NAME
Personal name Yiu, C. Y.
942 ## - ADDED ENTRY ELEMENTS (KOHA)
Suppress in OPAC 0
Holdings
Withdrawn status Lost status Source of classification or shelving scheme Damaged status Not for loan Home library Current library Shelving location Date acquired Total Checkouts Full call number Barcode Date last seen Copy number Price effective from Koha item type
    Dewey Decimal Classification     London London Books 14/11/2008   346.410434 BUI 30071270 06/08/2019 1 06/08/2019 Book